Život, ljudi i običaji u Bibliji / (Record no. 1610)

MARC details
000 -LEADER
fixed length control field 01653cam a2200445 i 4500
001 - CONTROL NUMBER
control field data
005 - DATE AND TIME OF LATEST TRANSACTION
control field 20260322212108.0
008 - FIXED-LENGTH DATA ELEMENTS--GENERAL INFORMATION
fixed length control field data
035 ## - SYSTEM CONTROL NUMBER
System control number 21533359
010 ## - LIBRARY OF CONGRESS CONTROL NUMBER
LC control number 2021373643
020 ## - INTERNATIONAL STANDARD BOOK NUMBER
International Standard Book Number 9789958747663
020 ## - INTERNATIONAL STANDARD BOOK NUMBER
International Standard Book Number 9958747669
035 ## - SYSTEM CONTROL NUMBER
System control number (OCoLC)1196044695
040 ## - CATALOGING SOURCE
Original cataloging agency ZCU
Language of cataloging eng
Transcribing agency ZCU
Description conventions rda
Modifying agency DLC
-- OCLCO
-- DLC
042 ## - AUTHENTICATION CODE
Authentication code pcc
050 00 - LIBRARY OF CONGRESS CALL NUMBER
Classification number BS571
Item number .T66 2019
100 1# - MAIN ENTRY--PERSONAL NAME
Personal name Tomašević, Darko,
Relator term author.
245 10 - TITLE STATEMENT
Title Život, ljudi i običaji u Bibliji /
Statement of responsibility, etc. Darko Tomašević.
264 #1 - PRODUCTION, PUBLICATION, DISTRIBUTION, MANUFACTURE, AND COPYRIGHT NOTICE
Place of production, publication, distribution, manufacture Zagreb :
Name of producer, publisher, distributor, manufacturer Glas Koncila,
Place of production, publication, distribution, manufacture Zagreb :
Name of producer, publisher, distributor, manufacturer Glas Koncila,
Date of production, publication, distribution, manufacture, or copyright notice 2019.
300 ## - PHYSICAL DESCRIPTION
Extent 250 pages ;
Dimensions 24 cm
336 ## - CONTENT TYPE
Content type term text
Content type code txt
Source rdacontent
337 ## - MEDIA TYPE
Media type term unmediated
Media type code n
Source rdamedia
338 ## - CARRIER TYPE
Carrier type term volume
Carrier type code nc
Source rdacarrier
490 1# - SERIES STATEMENT
Series statement Radovi ;
Volume/sequential designation 29
504 ## - BIBLIOGRAPHY, ETC. NOTE
Bibliography, etc. note Includes bibliographical references (pages 237-249).
630 00 - SUBJECT ADDED ENTRY--UNIFORM TITLE
Uniform title Bible
Form subdivision Biography.
630 00 - SUBJECT ADDED ENTRY--UNIFORM TITLE
Uniform title Bible.
630 06 - SUBJECT ADDED ENTRY--UNIFORM TITLE
Uniform title Bible
Form subdivision Biographies.
630 06 - SUBJECT ADDED ENTRY--UNIFORM TITLE
Uniform title Bible.
630 07 - SUBJECT ADDED ENTRY--UNIFORM TITLE
Uniform title Bible
Source of heading or term fast
Authority record control number or standard number (OCoLC)fst01356024
655 #7 - INDEX TERM--GENRE/FORM
Genre/form data or focus term Biographies
Source of term fast
Authority record control number or standard number (OCoLC)fst01919896
655 #7 - INDEX TERM--GENRE/FORM
Genre/form data or focus term Biographies.
Source of term lcgft
Authority record control number or standard number https://id.loc.gov/authorities/genreForms/gf2014026049
710 2# - ADDED ENTRY--CORPORATE NAME
Corporate name or jurisdiction name as entry element Katolički bogoslovni fakultet (Sarajevo, Bosnia and Herzegovina),
Relator term issuing body.
830 #0 - SERIES ADDED ENTRY--UNIFORM TITLE
Uniform title Radovi (Katolički bogoslovni fakultet (Sarajevo, Bosnia and Herzegovina)) ;
Volume/sequential designation 29.
906 ## - LOCAL DATA ELEMENT F, LDF (RLIN)
a 7
b cbc
c pccadap
d 3
e ncip
f 20
g y-gencatlg
925 0# -
-- acquire
-- 1 shelf copy
-- policy default
Holdings
Withdrawn status Lost status Damaged status Not for loan Home library Current library Shelving location Date acquired Total checkouts Full call number Barcode Date last seen Price effective from Koha item type
        Institut Protestant de Théologie Institut Protestant de Théologie General stacks 22/03/2026   BS571 LOC-IPT-00001 22/03/2026 22/03/2026 Books